[Event "DEM U12 2017"]
[Site "Willingen GER"]
[Date "2017.06.04"]
[Round "1"]
[White "Tham, Nam"]
[Black "Bethke, Richard"]
[Result "1-0"]
[Termination "normal"]
[Board "1"]
[WhiteElo "1762"]
[BlackElo "2223"]
[WhiteClock "00:34:46"]
[BlackClock "00:13:15"]
[PlyCount "73"]
[WhiteFideId "12997331"]
[BlackFideId "12959243"]
[EventCountry "GER"]
[EventRounds "11"]
[EventType "swiss"]
[EventDate "2017.06.03"]

1. e4 e5 2. Nf3 Nc6 3. Bc4 Bc5 4. c3 Nf6 5. d3 d6 6. Bb3 Bb6 7. Nbd2 Ne7 8. h3
c6 9. Nf1 Ng6 10. Ng3 h6 11. O-O O-O 12. Re1 Qc7 13. Be3 Be6 14. Qd2 Rfd8 15.
Bxe6 fxe6 16. Bxb6 axb6 17. d4 c5 18. Qd1 c4 19. Re3 Nf4 20. Ne2 Nd3 21. b3 Qc6
22. Qb1 b5 23. Nc1 Nxc1 24. Qxc1 cxb3 25. axb3 Rxa1 26. Qxa1 Nxe4 27. dxe5 dxe5
28. Nxe5 Qd5 29. Rd3 Qxe5 30. Rxd8+ Kh7 31. Qb1 Qf5 32. Qc2 g6 33. Rd7+ Kh8 34.
Qa2 Qf8 35. Rxb7 Nxc3 36. Qa7 Ne2+ 37. Kh1 1-0

[Event "DEM U12 2017"]
[Site "Willingen GER"]
[Date "2017.06.04"]
[Round "1"]
[White "Krastev, Alexander"]
[Black "Gluma, Christian"]
[Result "1-0"]
[Termination "normal"]
[Board "2"]
[WhiteElo "2180"]
[BlackElo "1691"]
[WhiteClock "00:27:36"]
[BlackClock "00:02:38"]
[PlyCount "65"]
[WhiteFideId "12989983"]
[BlackFideId "16223209"]
[EventCountry "GER"]
[EventRounds "11"]
[EventType "swiss"]
[EventDate "2017.06.03"]

1. e4 e5 2. Nf3 Nc6 3. Bc4 Bc5 4. c3 Nf6 5. d3 a6 6. O-O O-O 7. Nbd2 Ba7 8. h3
d6 9. Bb3 Qe7 10. Re1 Bd7 11. Nf1 Rae8 12. Ng3 Qd8 13. Nh2 Qc8 14. Bg5 Kh8 15.
Bxf6 gxf6 16. Qf3 Qd8 17. Ng4 f5 18. Nxf5 Qg5 19. Nge3 Na5 20. Bc2 Rg8 21. b4
Nc6 22. Bb3 Be6 23. Nd5 Qd8 24. Rad1 Rg6 25. g3 Reg8 26. Kh2 Qd7 27. Nh4 Rh6
28. Nf6 Rxh4 29. gxh4 Qd8 30. Nxg8 Kxg8 31. Bxe6 fxe6 32. Rg1+ Kh8 33. Qf7 1-0

[Event "DEM U12 2017"]
[Site "Willingen GER"]
[Date "2017.06.04"]
[Round "1"]
[White "Haufe, Laurin"]
[Black "Musiolik, David"]
[Result "0-1"]
[Termination "normal"]
[Board "3"]
[WhiteElo "1665"]
[BlackElo "1984"]
[WhiteClock "00:19:27"]
[BlackClock "00:08:19"]
[PlyCount "117"]
[WhiteFideId "12976504"]
[BlackFideId "12972355"]
[EventCountry "GER"]
[EventRounds "11"]
[EventType "swiss"]
[EventDate "2017.06.03"]

1. e4 e6 2. d4 d5 3. exd5 exd5 4. Nf3 Bd6 5. Bd3 Nc6 6. c3 Nge7 7. Qc2 Bg4 8.
Nbd2 Qd7 9. O-O f6 10. Re1 O-O-O 11. b4 Rde8 12. a4 Bf5 13. Nb3 Bxd3 14. Qxd3
Ng6 15. a5 Rxe1+ 16. Nxe1 Re8 17. Bd2 Qg4 18. Qb5 Nh4 19. Be3 a6 20. Qxd5 Qd7
21. Qh5 g5 22. Nd3 Re7 23. Nbc5 Bxc5 24. Nxc5 Qf5 25. Qe2 Qd5 26. Qg4+ Kb8 27.
Re1 h5 28. Qh3 Qc4 29. Bd2 Re2 30. Ne4 Rxe1+ 31. Bxe1 f5 32. Nxg5 Qe2 33. Qe3
Qg4 34. Qg3 Qe2 35. f3 Nxg2 36. Bf2 Ne3 37. Bxe3 Qxe3+ 38. Kg2 Qxc3 39. Qh4
Nxd4 40. Qxh5 Qd2+ 41. Kh3 Qxb4 42. Nf7 Qf8 43. Ne5 Qe7 44. Ng6 Qf6 45. Nf4 Qe5
46. Ng6 Qd6 47. Ne7 Qxe7 48. Qh8+ Ka7 49. Qxd4+ c5 50. Qd5 Qh7+ 51. Kg2 Qg7+
52. Kh3 Qh8+ 53. Kg3 Qb8+ 54. Kg2 Qc8 55. h4 c4 56. Qd4+ Ka8 57. h5 c3 58. Kf1
c2 59. Kg2 0-1

[Event "DEM U12 2017"]
[Site "Willingen GER"]
[Date "2017.06.04"]
[Round "1"]
[White "Weihrauch, Jakob"]
[Black "Frank, Marek"]
[Result "1-0"]
[Termination "normal"]
[Board "4"]
[WhiteElo "1965"]
[BlackElo "1639"]
[WhiteClock "00:35:14"]
[BlackClock "00:29:02"]
[PlyCount "57"]
[WhiteFideId "16210115"]
[BlackFideId "16239520"]
[EventCountry "GER"]
[EventRounds "11"]
[EventType "swiss"]
[EventDate "2017.06.03"]

1. e4 c5 2. Nf3 Nc6 3. d4 cxd4 4. Nxd4 g6 5. c4 Bg7 6. Be3 d6 7. Nc3 Nf6 8. Be2
O-O 9. O-O Bd7 10. Qd2 Rc8 11. f3 a6 12. Rfc1 Ne5 13. b3 Qa5 14. Rab1 Qc7 15.
b4 Qb8 16. b5 axb5 17. Ncxb5 Ne8 18. Rb3 Nc7 19. Nc3 Ne6 20. Nd5 Rfe8 21. Nb6
Nc5 22. Nxc8 Rxc8 23. Rb4 Qc7 24. Rcb1 Rb8 25. Nb5 Qc8 26. Nxd6 exd6 27. Qxd6
Na6 28. Qxa6 bxa6 29. Rxb8 1-0

[Event "DEM U12 2017"]
[Site "Willingen GER"]
[Date "2017.06.04"]
[Round "1"]
[White "Müller, Magnus"]
[Black "Colbow, Collin"]
[Result "0-1"]
[Termination "normal"]
[Board "5"]
[WhiteElo "1599"]
[BlackElo "1968"]
[WhiteClock "00:21:16"]
[BlackClock "00:42:32"]
[PlyCount "36"]
[WhiteFideId "16230060"]
[BlackFideId "16201132"]
[EventCountry "GER"]
[EventRounds "11"]
[EventType "swiss"]
[EventDate "2017.06.03"]

1. e4 e5 2. Nf3 Nc6 3. d4 exd4 4. Nxd4 Nf6 5. Nxc6 bxc6 6. Bd3 d5 7. exd5 cxd5
8. O-O Be7 9. b3 O-O 10. Bb2 c5 11. c4 d4 12. Nd2 Bb7 13. Qc2 Bd6 14. Rae1 Ng4
15. h3 Qh4 16. Ne4 Bh2+ 17. Kh1 f5 18. Nxc5 Qxh3 0-1

[Event "DEM U12 2017"]
[Site "Willingen GER"]
[Date "2017.06.04"]
[Round "1"]
[White "Pubantz, Jan"]
[Black "Mailitis, Ricardo"]
[Result "1-0"]
[Termination "normal"]
[Board "6"]
[WhiteElo "1999"]
[BlackElo "1633"]
[WhiteClock "00:24:52"]
[BlackClock "00:44:18"]
[PlyCount "35"]
[WhiteFideId "12996114"]
[BlackFideId "12977535"]
[EventCountry "GER"]
[EventRounds "11"]
[EventType "swiss"]
[EventDate "2017.06.03"]

1. d4 Nf6 2. c4 b6 3. Nc3 Bb7 4. f3 e6 5. e4 c5 6. d5 exd5 7. cxd5 d6 8. Bc4
Nbd7 9. f4 Qe7 10. Qe2 g6 11. Nf3 Bg7 12. O-O Nh5 13. Re1 O-O 14. e5 Rae8 15.
g4 Nxf4 16. Bxf4 dxe5 17. Bg5 f6 18. d6+ 1-0

[Event "DEM U12 2017"]
[Site "Willingen GER"]
[Date "2017.06.04"]
[Round "1"]
[White "Danninger, Jannik"]
[Black "Arakelian, Aik"]
[Result "0-1"]
[Termination "normal"]
[Board "7"]
[WhiteElo "1642"]
[BlackElo "1737"]
[WhiteClock "00:03:09"]
[BlackClock "00:42:12"]
[PlyCount "114"]
[WhiteFideId "16226402"]
[BlackFideId "16220340"]
[EventCountry "GER"]
[EventRounds "11"]
[EventType "swiss"]
[EventDate "2017.06.03"]

1. e4 c5 2. Nf3 Nc6 3. d4 cxd4 4. Nxd4 Nf6 5. Nc3 d6 6. Be3 g6 7. Bc4 Bg7 8. f3
O-O 9. O-O Nd7 10. Nd5 Nde5 11. Bg5 h6 12. Nxc6 bxc6 13. Bxe7 Qd7 14. Bxf8 Kxf8
15. Ne3 Nxc4 16. Nxc4 Ba6 17. Qxd6+ Qxd6 18. Nxd6 Be5 19. Rfd1 Ke7 20. Nxf7
Kxf7 21. c3 Ke6 22. g3 Be2 23. Re1 Bxf3 24. Kf2 Bh5 25. Ke3 Rb8 26. Rab1 Rd8
27. Rg1 g5 28. Rg2 Bc7 29. g4 Bf4+ 30. Kf3 Rd3+ 31. Ke2 Re3+ 32. Kf2 Bg6 33.
Re1 Bxe4 34. Rgg1 Rf3+ 35. Kg2 Ke5 36. h3 Rxc3+ 37. Kf2 Rxh3 38. Re2 Rf3+ 39.
Ke1 Bg3+ 40. Kd2 Rd3+ 41. Kc2 Kf4 42. Rf1+ Rf3+ 43. Rxe4+ Kxe4 44. Rh1 Bh4 45.
Rd1 Rf6 46. Rd7 Bf2 47. Kd2 Kf4 48. Ke2 Kxg4 49. Re7 Bb6 50. Re4+ Kg3 51. Kd3
Rf3+ 52. Kc2 g4 53. Re6 h5 54. Rxc6 h4 55. Rd6 h3 56. Rd1 h2 57. a3 Bg1 0-1

[Event "DEM U12 2017"]
[Site "Willingen GER"]
[Date "2017.06.04"]
[Round "1"]
[White "Lutz, Ruben"]
[Black "Stepanov, Maximilian"]
[Result "1-0"]
[Termination "normal"]
[Board "8"]
[WhiteElo "1893"]
[BlackElo "1609"]
[WhiteClock "00:04:38"]
[BlackClock "00:07:55"]
[PlyCount "79"]
[WhiteFideId "12975974"]
[BlackFideId "16244680"]
[EventCountry "GER"]
[EventRounds "11"]
[EventType "swiss"]
[EventDate "2017.06.03"]

1. d4 d5 2. c4 c6 3. cxd5 cxd5 4. Bf4 Nf6 5. Nc3 Nc6 6. e3 a6 7. Bd3 e6 8. Nf3
Bd6 9. Bg5 h6 10. Bh4 O-O 11. Rc1 Bd7 12. O-O Be7 13. Ne5 Ne8 14. Bxe7 Qxe7 15.
f4 Nd6 16. Bb1 Qe8 17. Qc2 f5 18. g4 Nxe5 19. dxe5 Nb5 20. gxf5 Rxf5 21. Qg2
Rf8 22. Ne2 Bc6 23. Nd4 Nxd4 24. exd4 Qf7 25. Kh1 Be8 26. Rc3 Rd8 27. Rg3 Rd7
28. f5 Kh8 29. Rgf3 Rg8 30. fxe6 Qxe6 31. Bf5 Qe7 32. Bxd7 Bxd7 33. Rf7 Qe6 34.
Qc2 Bc6 35. R1f6 Qh3 36. Rf3 Qh4 37. Qf2 Qg5 38. Rg3 Qc1+ 39. Rg1 Qc4 40. Rfxg7
1-0

[Event "DEM U12 2017"]
[Site "Willingen GER"]
[Date "2017.06.04"]
[Round "1"]
[White "Evering, Sören"]
[Black "Wang, Xinyuan"]
[Result "1/2-1/2"]
[Termination "normal"]
[Board "10"]
[WhiteElo "1718"]
[BlackElo "1673"]
[WhiteClock "00:03:08"]
[BlackClock "00:31:02"]
[PlyCount "76"]
[WhiteFideId "12974650"]
[BlackFideId "16221494"]
[EventCountry "GER"]
[EventRounds "11"]
[EventType "swiss"]
[EventDate "2017.06.03"]

1. e4 c5 2. Nf3 a6 3. c3 e6 4. d4 d5 5. exd5 exd5 6. Bd3 c4 7. Bc2 h6 8. O-O
Nf6 9. Re1+ Be7 10. b3 cxb3 11. axb3 O-O 12. Qd3 Nc6 13. Bf4 Bd6 14. Be5 g6 15.
Qd2 Kh7 16. Bf4 Bxf4 17. Qxf4 Nh5 18. Qc1 Bg4 19. Nbd2 Rc8 20. h3 Be6 21. Ne5
Na7 22. Nxg6 fxg6 23. Rxe6 Nf4 24. Re3 Qg5 25. Qf1 Nb5 26. Rg3 Qf6 27. Rc1 Rfe8
28. Re3 Nxc3 29. Bd3 Nxd3 30. Rxe8 Rxe8 31. Rxc3 Re1 32. Rxd3 Rxf1+ 33. Kxf1 g5
34. Nf3 a5 35. Ne5 b5 36. Rc3 Qf4 37. Rc7+ Kg8 38. Rc8+ Kg7 1/2-1/2

[Event "DEM U12 2017"]
[Site "Willingen GER"]
[Date "2017.06.04"]
[Round "1"]
[White "Morgenstern, Tobias"]
[Black "Lutz, Adam"]
[Result "1-0"]
[Termination "normal"]
[Board "11"]
[WhiteElo "1418"]
[BlackElo "1787"]
[WhiteClock "00:16:13"]
[BlackClock "00:48:27"]
[PlyCount "51"]
[WhiteFideId "12974390"]
[BlackFideId "16226615"]
[EventCountry "GER"]
[EventRounds "11"]
[EventType "swiss"]
[EventDate "2017.06.03"]

1. e4 c5 2. Nf3 e6 3. d4 cxd4 4. Nxd4 Nf6 5. Nc3 d6 6. g4 h6 7. Bg2 Be7 8. h3
a6 9. Be3 Qc7 10. Qe2 Bd7 11. O-O-O Nc6 12. Rhe1 b5 13. f4 b4 14. Nd5 exd5 15.
exd5 Na7 16. g5 hxg5 17. fxg5 Nh5 18. g6 f6 19. Bf4 Nc8 20. Bh2 f5 21. Nc6 Bxc6
22. dxc6 Nf6 23. Qe6 Rf8 24. Rxd6 Nxd6 25. Bxd6 Ne4 26. Bxc7 1-0

[Event "DEM U12 2017"]
[Site "Willingen GER"]
[Date "2017.06.04"]
[Round "1"]
[White "Lohvinov, Petro"]
[Black "Mainka, Alwin"]
[Result "0-1"]
[Termination "normal"]
[Board "12"]
[WhiteElo "1823"]
[BlackElo "1579"]
[WhiteClock "00:05:54"]
[BlackClock "01:00:44"]
[PlyCount "106"]
[WhiteFideId "14176661"]
[BlackFideId "16241177"]
[EventCountry "GER"]
[EventRounds "11"]
[EventType "swiss"]
[EventDate "2017.06.03"]

1. e4 e5 2. Nf3 Nf6 3. Nxe5 d6 4. Nf3 Nxe4 5. Nc3 Nxc3 6. dxc3 Be7 7. Be3 O-O
8. Qd2 a6 9. Bd3 Re8 10. O-O-O b5 11. Be4 c6 12. Nd4 d5 13. Bf3 Bb7 14. Nf5 Bf8
15. h4 Nd7 16. Bf4 Ne5 17. Bxe5 Rxe5 18. g4 Qf6 19. Bg2 Rae8 20. Ne3 Bc5 21.
Rde1 Bxe3 22. Rxe3 Rxe3 23. fxe3 Qe6 24. Bf3 Qxe3 25. Qxe3 Rxe3 26. Rf1 g6 27.
Kd2 Re5 28. b3 f6 29. Be2 Kf7 30. Bd3 Bc8 31. g5 f5 32. Rf4 c5 33. c4 dxc4 34.
bxc4 b4 35. c3 a5 36. Kc2 Bd7 37. cxb4 axb4 38. Kd2 Bc6 39. Bc2 Ke6 40. Bd3 Be4
41. Rf2 Bxd3 42. Kxd3 Re4 43. a3 Rd4+ 44. Ke3 Rxc4 45. axb4 cxb4 46. Rh2 b3 47.
h5 Rc2 48. Rh1 Ke5 49. hxg6 hxg6 50. Rh8 Rc3+ 51. Kf2 Kf4 52. Rb8 Rc2+ 53. Kg1
b2 0-1

[Event "DEM U12 2017"]
[Site "Willingen GER"]
[Date "2017.06.04"]
[Round "1"]
[White "Sinnhöfer, Joshua"]
[Black "Milare, Tyron"]
[Result "1/2-1/2"]
[Termination "normal"]
[Board "13"]
[WhiteElo "1540"]
[BlackElo "1780"]
[PlyCount "134"]
[WhiteFideId "16201361"]
[BlackFideId "12987018"]
[EventCountry "GER"]
[EventRounds "11"]
[EventType "swiss"]
[EventDate "2017.06.03"]

1. e4 c5 2. Nf3 Nc6 3. d4 cxd4 4. Nxd4 Nf6 5. Nc3 e6 6. Bg5 Be7 7. Nxc6 bxc6 8.
e5 Nd5 9. Bxe7 Qxe7 10. Qd2 O-O 11. Bc4 Rb8 12. Bxd5 exd5 13. Qd4 f6 14. f4 Rb4
15. Qe3 d4 16. Qd3 dxc3 17. Qxc3 Re4+ 18. Kd1 Rxf4 19. exf6 Qd6+ 20. Kc1 R8xf6
21. Qb3+ Kh8 22. Re1 Rf1 23. Qe3 Rxe1+ 24. Qxe1 Qf4+ 25. Kd1 Rd6+ 26. Ke2 Re6+
27. Kd3 Ba6+ 28. Kc3 Re3+ 29. Qxe3 Qxe3+ 30. Kb4 Qd4+ 31. Ka3 Qc5+ 32. Kb3 Qc4+
33. Ka3 Qxc2 34. Re1 Qd3+ 35. b3 h6 36. g4 c5 37. h4 c4 38. g5 c3 39. h5 Qd6+
40. Ka4 Qb6 41. Re8+ Kh7 42. g6+ Qxg6 43. hxg6+ Kxg6 44. Re1 c2 45. b4 Bc4 46.
a3 h5 47. Ka5 d5 48. b5 d4 49. Kb4 d3 50. Kc3 Bxb5 51. Kd2 h4 52. Re5 h3 53.
Re3 Kf5 54. Rxh3 Kg4 55. Rh7 g5 56. Rxa7 Kg3 57. Ra5 Bc4 58. Rxg5+ Kf4 59. Ra5
Ke4 60. Rh5 Kd4 61. a4 c1=Q+ 62. Kxc1 Kc3 63. Rc5 d2+ 64. Kd1 Kd3 65. Rxc4 Kxc4
66. Kxd2 Kb4 67. a5 Kxa5 1/2-1/2

[Event "DEM U12 2017"]
[Site "Willingen GER"]
[Date "2017.06.04"]
[Round "1"]
[White "Laux, Dominik"]
[Black "Marschall, Tillmann"]
[Result "1/2-1/2"]
[Termination "normal"]
[Board "14"]
[WhiteElo "1759"]
[BlackElo "1613"]
[PlyCount "54"]
[WhiteFideId "12994219"]
[BlackFideId "12973220"]
[EventCountry "GER"]
[EventRounds "11"]
[EventType "swiss"]
[EventDate "2017.06.03"]

1. d4 Nf6 2. Bf4 d5 3. e3 Bf5 4. c4 c6 5. Nc3 e6 6. Qb3 Qd7 7. Nf3 Be7 8. Rc1
b6 9. Ne5 Qb7 10. cxd5 exd5 11. Be2 O-O 12. O-O Nbd7 13. Bf3 Rac8 14. Ne2 Be6
15. Rc2 Nxe5 16. Bxe5 Nd7 17. Bg3 g5 18. Nc3 f5 19. Re1 Nf6 20. h3 Qd7 21. Bd1
Ne4 22. Be5 Nd6 23. f4 Nc4 24. Rce2 Nxe5 25. fxe5 f4 26. Rf1 fxe3 27. Rxe3
Rxf1+ 1/2-1/2

[Event "DEM U12 2017"]
[Site "Willingen GER"]
[Date "2017.06.04"]
[Round "1"]
[White "Neuber, Pascal"]
[Black "Simukov, Erik"]
[Result "0-1"]
[Termination "normal"]
[Board "15"]
[WhiteElo "1632"]
[BlackElo "1719"]
[PlyCount "56"]
[WhiteFideId "16227611"]
[BlackFideId "12995380"]
[EventCountry "GER"]
[EventRounds "11"]
[EventType "swiss"]
[EventDate "2017.06.03"]

1. e4 e5 2. Nf3 Nc6 3. Bc4 Bc5 4. c3 Nf6 5. d3 d6 6. O-O a6 7. a4 h6 8. b4 Bb6
9. Na3 O-O 10. Nc2 Be6 11. Bxe6 fxe6 12. Be3 Bxe3 13. Nxe3 Qe8 14. Re1 Ne7 15.
Qc2 Qh5 16. Nf1 Nh7 17. Ng3 Qg6 18. Qd2 Rf7 19. d4 exd4 20. cxd4 Raf8 21. Re2
Rxf3 22. gxf3 Ng5 23. Kh1 Nxf3 24. Qc3 Qg4 25. Re3 Ng6 26. Rxf3 Rxf3 27. Qe1
Nh4 28. Qf1 Rb3 0-1

[Event "DEM U12 2017"]
[Site "Willingen GER"]
[Date "2017.06.04"]
[Round "1"]
[White "Bui, Bao Anh Le"]
[Black "von Krosigk, Florian"]
[Result "1-0"]
[Termination "normal"]
[Board "16"]
[WhiteElo "1748"]
[BlackElo "1627"]
[PlyCount "83"]
[WhiteFideId "12970719"]
[BlackFideId "16227808"]
[EventCountry "GER"]
[EventRounds "11"]
[EventType "swiss"]
[EventDate "2017.06.03"]

1. e4 e5 2. Nf3 Nc6 3. Bc4 Bc5 4. c3 Nf6 5. d3 d6 6. Bb3 h6 7. Nbd2 g5 8. Nf1
g4 9. Ng1 a6 10. Be3 Bxe3 11. Nxe3 Ne7 12. h3 gxh3 13. Nxh3 Ng6 14. g3 Bd7 15.
Nf5 Ne7 16. Ng5 d5 17. Nxh6 Be6 18. Qf3 Neg8 19. Nxg8 Rxg8 20. Nxe6 fxe6 21.
exd5 exd5 22. O-O-O c6 23. Qf5 Qd6 24. f4 exf4 25. Rde1+ Kf7 26. Rh7+ Rg7 27.
Re6 Qd8 28. Rh6 Kg8 29. Rexf6 Qe7 30. Qxf4 Qe1+ 31. Bd1 Re8 32. Rhg6 Qe7 33.
Qg5 Qe3+ 34. Qxe3 Rxe3 35. Rxg7+ Kxg7 36. Rf3 Re8 37. Kd2 Rh8 38. g4 Rh2+ 39.
Be2 Rg2 40. Ke3 Rg1 41. Rf1 Rg2 42. Rh1 1-0

[Event "DEM U12 2017"]
[Site "Willingen GER"]
[Date "2017.06.04"]
[Round "1"]
[White "Weidenhöfer, Max"]
[Black "Eilenberg, Jonas"]
[Result "0-1"]
[Termination "normal"]
[Board "17"]
[WhiteElo "1483"]
[BlackElo "1650"]
[PlyCount "54"]
[WhiteFideId "16230566"]
[BlackFideId "16204271"]
[EventCountry "GER"]
[EventRounds "11"]
[EventType "swiss"]
[EventDate "2017.06.03"]

1. e4 e5 2. Nf3 Nc6 3. Bc4 Bc5 4. c3 Nf6 5. d4 exd4 6. cxd4 Bb4+ 7. Nc3 Nxe4 8.
O-O Bxc3 9. bxc3 d5 10. Re1 O-O 11. Bd3 f5 12. Qb3 Kh8 13. c4 Be6 14. Bd2 dxc4
15. Qxb7 Bd5 16. Bxc4 Rb8 17. Qa6 Rb6 18. Qa4 Nxd2 19. Bxd5 Qxd5 20. Nxd2 h6
21. Nf3 Kh7 22. Rac1 Rf6 23. Rc5 Qd6 24. Rec1 Rg6 25. Ne5 Nxd4 26. Kh1 Qxc5 27.
Re1 Qxe5 0-1

[Event "DEM U12 2017"]
[Site "Willingen GER"]
[Date "2017.06.04"]
[Round "1"]
[White "Schubert, Nikita"]
[Black "Rashba, David"]
[Result "0-1"]
[Termination "normal"]
[Board "18"]
[WhiteElo "1788"]
[BlackElo "1508"]
[PlyCount "72"]
[WhiteFideId "16212339"]
[BlackFideId "16205499"]
[EventCountry "GER"]
[EventRounds "11"]
[EventType "swiss"]
[EventDate "2017.06.03"]

1. Nf3 d5 2. g3 Bf5 3. Bg2 c6 4. O-O e6 5. d4 Be7 6. b3 Nd7 7. Bb2 h6 8. c4
Ngf6 9. Nc3 O-O 10. Rc1 Bh7 11. e3 Ne4 12. Qe2 Ndf6 13. Nd2 Nxd2 14. Qxd2 Re8
15. Rfd1 Bd6 16. cxd5 exd5 17. Qe2 Ne4 18. Na4 Rb8 19. Nc5 Nxc5 20. dxc5 Be5
21. b4 a6 22. Bxe5 Rxe5 23. Qb2 Qf6 24. a4 Re6 25. Qxf6 Rxf6 26. Rd2 Re6 27.
Rcd1 Ree8 28. Rb2 Bf5 29. Rdd2 Ra8 30. Rd4 Rab8 31. b5 axb5 32. axb5 Ra8 33. h4
Ra1+ 34. Kh2 Rc1 35. bxc6 bxc6 36. Rb7 Rxc5 0-1

[Event "DEM U12 2017"]
[Site "Willingen GER"]
[Date "2017.06.04"]
[Round "1"]
[White "Pixa, Karl"]
[Black "Kosev, Momchil"]
[Result "1/2-1/2"]
[Termination "normal"]
[Board "19"]
[WhiteElo "1496"]
[BlackElo "1757"]
[PlyCount "65"]
[WhiteFideId "16240480"]
[BlackFideId "12975982"]
[EventCountry "GER"]
[EventRounds "11"]
[EventType "swiss"]
[EventDate "2017.06.03"]

1. d4 Nf6 2. c4 e6 3. Nc3 Bb4 4. Bd2 O-O 5. Nf3 b6 6. e3 Bb7 7. Bd3 d6 8. a3
Bxc3 9. Bxc3 Nbd7 10. b4 Re8 11. O-O e5 12. Bf5 Ne4 13. Bb2 exd4 14. exd4 Ndf6
15. d5 Bc8 16. Bxe4 Nxe4 17. Qd4 Qf6 18. Qxf6 Nxf6 19. Bxf6 gxf6 20. Rfe1 Bd7
21. Rxe8+ Rxe8 22. Re1 Rxe1+ 23. Nxe1 Kg7 24. Nf3 Kg6 25. Nd4 Kg5 26. g3 a6 27.
f3 Bf5 28. Nxf5 Kxf5 29. Kf2 b5 30. Ke3 Ke5 31. Kd3 h6 32. h3 h5 33. h4 1/2-1/2

[Event "DEM U12 2017"]
[Site "Willingen GER"]
[Date "2017.06.04"]
[Round "1"]
[White "Joppich, Til"]
[Black "Ljuca, Rijad"]
[Result "1-0"]
[Termination "normal"]
[Board "20"]
[WhiteElo "1661"]
[BlackElo "1436"]
[PlyCount "85"]
[WhiteFideId "16232917"]
[BlackFideId "16216121"]
[EventCountry "GER"]
[EventRounds "11"]
[EventType "swiss"]
[EventDate "2017.06.03"]

1. e4 e5 2. Nf3 Nc6 3. Bc4 Bc5 4. c3 Nf6 5. d4 exd4 6. e5 Ne4 7. Bd5 f5 8. cxd4
Bb4+ 9. Bd2 Bxd2+ 10. Nbxd2 Nxd2 11. Qxd2 Ne7 12. Bb3 h6 13. O-O-O c6 14. Rhe1
a5 15. a3 b5 16. d5 cxd5 17. Bxd5 Nxd5 18. Qxd5 Qc7+ 19. Kb1 Bb7 20. Qxb5 Be4+
21. Ka2 Rb8 22. Rc1 Qa7 23. Qc4 Qxf2 24. Re2 Qb6 25. Nd4 Qb7 26. Qc5 g6 27. e6
dxe6 28. Nxe6 Bd5+ 29. Ka1 Bxe6 30. Rxe6+ Kf7 31. Re2 Rhc8 32. Qg1 Rxc1+ 33.
Qxc1 Qc8 34. Qxh6 Qc5 35. Qd2 Rb7 36. Re3 Re7 37. Rh3 Kf6 38. Rc3 Qg1+ 39. Ka2
Qxh2 40. Rc6+ Re6 41. Qd8+ Kf7 42. Rc7+ Qxc7 43. Qxc7+ 1-0

[Event "DEM U12 2017"]
[Site "Willingen GER"]
[Date "2017.06.04"]
[Round "1"]
[White "Reindl, Jork"]
[Black "Gallasch, Jonas"]
[Result "0-1"]
[Termination "normal"]
[Board "21"]
[WhiteElo "1461"]
[BlackElo "1813"]
[PlyCount "92"]
[WhiteFideId "16200152"]
[BlackFideId "16222474"]
[EventCountry "GER"]
[EventRounds "11"]
[EventType "swiss"]
[EventDate "2017.06.03"]

1. e4 c5 2. Nf3 Nc6 3. d4 cxd4 4. Nxd4 Nf6 5. Nc3 e5 6. Nf3 Bb4 7. Bd2 d6 8.
Bd3 Bg4 9. a3 Ba5 10. b4 Bb6 11. Bb5 O-O 12. Bxc6 bxc6 13. h3 Bh5 14. O-O Re8
15. Re1 Nd7 16. Be3 Nf8 17. Bxb6 axb6 18. Re3 Bxf3 19. Qxf3 Ne6 20. Ne2 Qc7 21.
c4 Nd4 22. Nxd4 exd4 23. Rd3 c5 24. b5 Qd7 25. Re1 Qe6 26. Rc1 Qxe4 27. Qxe4
Rxe4 28. Kf1 f6 29. f3 Re5 30. g4 Kf7 31. Kf2 Rae8 32. Rc2 R8e7 33. Ra2 Re1 34.
Rdd2 Rc1 35. Rac2 Rxc2 36. Rxc2 Ra7 37. Ra2 Ra4 38. Rc2 Rxa3 39. h4 Ke6 40.
Re2+ Re3 41. Rxe3+ dxe3+ 42. Kxe3 d5 43. cxd5+ Kxd5 44. Kd3 Ke5 45. Ke3 g5 46.
h5 h6 0-1

[Event "DEM U12 2017"]
[Site "Willingen GER"]
[Date "2017.06.04"]
[Round "1"]
[White "Wildermuth, Nikolas Karl"]
[Black "Zeuner, Ole"]
[Result "0-1"]
[Termination "normal"]
[Board "23"]
[WhiteElo "1422"]
[BlackElo "1764"]
[PlyCount "104"]
[WhiteFideId "16244699"]
[BlackFideId "12943576"]
[EventCountry "GER"]
[EventRounds "11"]
[EventType "swiss"]
[EventDate "2017.06.03"]

1. e4 c5 2. Nf3 e6 3. d4 cxd4 4. Nxd4 Nf6 5. Nc3 Nc6 6. Bg5 h6 7. Bh4 Be7 8. f3
O-O 9. Qd2 a6 10. O-O-O Qa5 11. Bf2 b5 12. Nb3 Qc7 13. Bg3 Qb6 14. Qf2 Qxf2 15.
Bxf2 d6 16. Bg3 Rd8 17. Nd4 Nxd4 18. Rxd4 Bb7 19. a3 Rac8 20. Be2 d5 21. e5 Nd7
22. Na2 Rc7 23. c3 Bc5 24. Rd3 a5 25. Kb1 Ba6 26. Rd2 Nb6 27. Rf1 Rcd7 28. Bh4
Rc8 29. Bf2 Bxf2 30. Rxf2 Rdc7 31. Nc1 Na4 32. Na2 Nc5 33. Kc2 Rb8 34. g3 b4
35. axb4 axb4 36. Nxb4 Rxb4 37. cxb4 Ne4+ 38. Kd1 Nxf2+ 39. Ke1 Bxe2 40. Kxe2
Nh3 41. Kd3 Ng5 42. Ke3 f6 43. h4 Nf7 44. exf6 gxf6 45. Rd3 Rb7 46. Rb3 Nd6 47.
Kd4 Rb5 48. g4 e5+ 49. Kd3 Kf7 50. Rc3 Rxb4 51. Rc7+ Ke6 52. Rh7 Nf7 0-1

[Event "DEM U12 2017"]
[Site "Willingen GER"]
[Date "2017.06.04"]
[Round "1"]
[White "Röhr, Oliver"]
[Black "Grabbel, Torben Frederik"]
[Result "1-0"]
[Termination "normal"]
[Board "24"]
[WhiteElo "1706"]
[BlackElo "1411"]
[PlyCount "83"]
[WhiteFideId "12987697"]
[BlackFideId "16219180"]
[EventCountry "GER"]
[EventRounds "11"]
[EventType "swiss"]
[EventDate "2017.06.03"]

1. d4 d5 2. c4 e6 3. Nf3 Nf6 4. e3 c6 5. cxd5 cxd5 6. Bd3 Nc6 7. O-O Bd6 8. Nc3
O-O 9. a3 Re8 10. e4 dxe4 11. Nxe4 Nxe4 12. Bxe4 Qc7 13. h3 h6 14. Nh4 Be7 15.
Nf3 Rd8 16. Be3 Bf6 17. Qc1 Qd6 18. Rd1 Bd7 19. Qc5 Qc7 20. Rac1 Be7 21. Qxe7
Nxe7 22. Rxc7 Nc6 23. Rxb7 f5 24. Rxd7 fxe4 25. Rxd8+ Rxd8 26. Nd2 Nxd4 27.
Bxd4 Rxd4 28. Kf1 Kf7 29. Ke2 Kf6 30. Ke3 Ra4 31. Nxe4+ Ke5 32. f4+ Kf5 33. g4+
Kg6 34. Rd6 Kf7 35. Rxe6 Ra5 36. Re5 Ra6 37. f5 Rb6 38. Rb5 Ra6 39. Rb7+ Kg8
40. g5 hxg5 41. Nxg5 Ra5 42. Rb8# 1-0